=LDR 00000nam 2200000 4500 =001 INLIS000000000022606 =005 20130612121340 =008 ***********************************Ind** =035 ##$$0010-061300000022606 =041 ##$$a Ind =082 ##$$a 570.7 =090 ##$$a 570.7, Bio-b =100 ##$$a Purnomo =245 ##$$a Biologi untuk kelas XI, Purnomo =260 ##$$a 2006 $b Jakarta =300 ##$$a xi, 236 hlm., ilus, 28 cm =650 ##$$a Biologi-Study dan Pengajaran =850 ##$$a NBPNMAT